[Event "3rd Alicante it"]
[Site "Alicante ESP"]
[Date "1975.12.09"]
[Round "4"]
[White "Westerinen, Heikki"]
[Black "Tatai, Stefano"]
[Result "0-1"]
[WhiteElo "2475"]
[BlackElo "2455"]
[EventDate "1975.12.06"]
[PlyCount "94"]

1.e4 c5 2.Nf3 d6 3.d4 cxd4 4.Nxd4 Nf6 5.Nc3 a6 6.Bg5 e6 7.Qf3 h6 8.Bxf6 
Qxf6 9.Qxf6 gxf6 10.f4 Nc6 11.O-O-O Bd7 12.Kb1 b5 13.g3 Nxd4 14.Rxd4 Bc6 
15.f5 Rb8 16.a3 h5 17.Bh3 Bd7 18.Ne2 Rc8 19.Re1 Rc5 20.Rdd1 h4 21.Bg4 hxg3
22.hxg3 Re5 23.Nf4 Rg8 24.Nh5 Ke7 25.fxe6 fxe6 26.Bf3 f5 27.exf5 Rxf5 28.
Rd3 Rgg5 29.g4 Re5 30.Red1 d5 31.Nf4 Rg8 32.Rh1 Kd6 33.Rh7 Be7 34.Rd1 Be8 
35.Nd3 Re3 36.Rh3 Rf8 37.Bg2 Rxh3 38.Bxh3 Rf3 39.Rh1 Bg6 40.Ne1 Rg3 41.Kc1
Be4 42.Rh2 Bg5+ 43.Kd1 Bf4 44.Bf1 Rg1 45.Rf2 Bg3 46.Rf7 Bxe1 47.Kxe1 Bg2 
0-1

[Event "3rd Alicante it"]
[Site "Alicante ESP"]
[Date "1975.12.10"]
[Round "5"]
[White "Hartston, William Roland"]
[Black "Durao, Joaquim Manuel"]
[Result "1-0"]
[WhiteElo "2475"]
[BlackElo "2350"]
[EventDate "1975.12.06"]
[PlyCount "55"]

1.d4 Nf6 2.c4 g6 3.Nc3 Bg7 4.Bg5 d6 5.Nf3 h6 6.Bh4 g5 7.Bg3 Nh5 8.e3 c5 9.
Be2 Nc6 10.d5 Nxg3 11.hxg3 Ne5 12.Nxe5 Bxe5 13.f4 Bg7 14.Qc2 Qa5 15.Kf2 
Bd7 16.Bh5 Rf8 17.Rhc1 O-O-O 18.a3 e6 19.b4 Qa6 20.Rab1 Qxc4 21.bxc5 exd5 
22.cxd6 Bc6 23.Be2 Qc5 24.Qf5+ Rd7 25.Ne4 Qxa3 26.Rxc6+ bxc6 27.Nc5 Rd8 
28.Ba6+ 1-0

[Event "3rd Alicante it"]
[Site "Alicante ESP"]
[Date "1975.12.10"]
[Round "5"]
[White "Ochoa de Echaguen Estibalez, Francisco Javier"]
[Black "Fraguela Gil, Jose Miguel"]
[Result "1-0"]
[WhiteElo "2200"]
[BlackElo "2390"]
[EventDate "1975.12.06"]
[PlyCount "47"]

1.e4 c5 2.Nf3 d6 3.Bb5+ Nd7 4.d4 cxd4 5.Qxd4 Nf6 6.Bg5 a6 7.Bxd7+ Bxd7 8.
Nc3 Bc6 9.O-O-O e6 10.e5 dxe5 11.Qxe5 Qe7 12.Nd4 Nd7 13.Qg3 Qc5 14.Rhe1 h6
15.Be3 Qa5 16.Bf4 O-O-O 17.Nxc6 bxc6 18.Qf3 Kb7 19.Re4 Nf6 20.Rxd8 Qxd8 
21.Rc4 Qd7 22.Be5 Nd5 23.Nxd5 exd5 24.Qb3+ 1-0

[Event "3rd Alicante it"]
[Site "Alicante ESP"]
[Date "1975.12.10"]
[Round "5"]
[White "Pomar Salamanca, Arturo"]
[Black "Palacios de la Prida, Ernesto"]
[Result "1/2-1/2"]
[WhiteElo "2450"]
[BlackElo "2330"]
[EventDate "1975.12.06"]
[PlyCount "78"]

1.d4 g6 2.c4 Bg7 3.Nc3 d6 4.g3 Nc6 5.Nf3 Bg4 6.Bg2 Qd7 7.d5 Bxf3 8.exf3 
Ne5 9.Qe2 h5 10.h4 Nh6 11.Bh3 f5 12.O-O O-O 13.Re1 Rae8 14.Bxh6 Bxh6 15.f4
Ng4 16.Bxg4 hxg4 17.Qe6+ Qxe6 18.Rxe6 Kh7 19.Nb5 Rf7 20.Nxa7 Bg7 21.Nb5 
Ra8 22.Rae1 c6 23.Nc3 Bf6 24.c5 cxd5 25.cxd6 Bxc3 26.bxc3 exd6 27.Rxd6 
Rxa2 28.Ree6 Rc2 29.Rxg6 Rxc3 30.Rh6+ Kg7 31.Rdg6+ Kf8 32.Rh8+ Ke7 33.Rb6 
Rc7 34.Rb8 Rf8 35.R8xb7 Rxb7 36.Rxb7+ Kd6 37.Kf1 Ra8 38.h5 d4 39.h6 Kd5 
1/2-1/2

[Event "3rd Alicante it"]
[Site "Alicante ESP"]
[Date "1975.12.10"]
[Round "5"]
[White "Rodriguez Vargas, Orestes"]
[Black "O'Kelly de Galway, Alberic"]
[Result "1/2-1/2"]
[WhiteElo "2435"]
[BlackElo "2445"]
[EventDate "1975.12.06"]
[PlyCount "52"]

1.d4 d5 2.c4 dxc4 3.Nf3 Nf6 4.e3 e6 5.Bxc4 c5 6.O-O cxd4 7.exd4 Nc6 8.Nc3 
Be7 9.a3 O-O 10.Qd3 a6 11.Bg5 b5 12.Ba2 Bb7 13.Bb1 g6 14.Bh6 Re8 15.Rd1 
Rc8 16.Ba2 Na5 17.Ne5 Nc4 18.Bxc4 bxc4 19.Nxc4 Nd5 20.Ne3 Nxe3 21.Bxe3 Bd6
22.d5 exd5 23.Nxd5 Be5 24.Qb3 Bxd5 25.Rxd5 Qf6 26.Rad1 Bxb2 1/2-1/2

[Event "3rd Alicante it"]
[Site "Alicante ESP"]
[Date "1975.12.10"]
[Round "5"]
[White "Sanz Alonso, Francisco Javier"]
[Black "Westerinen, Heikki"]
[Result "1-0"]
[WhiteElo "2320"]
[BlackElo "2475"]
[EventDate "1975.12.06"]
[Annotator "Bozic,A"]
[PlyCount "79"]

1.c4 Nf6 2.g3 c6 3.Bg2 d5 4.Nf3 Nbd7 $6 ( 4...Bf5 ) 5.cxd5 $1 cxd5 6.O-O 
e6 7.Nc3 Be7 8.d4 O-O 9.Bf4 $14 a6 10.Ne5 Nh5 11.Bd2 {[î€� e4]} 11...g6 ( 
11...Nhf6 $142 ) 12.Bh6 Ng7 13.e4 $1 Nxe5 14.dxe5 d4 15.Ne2 Bc5 16.Qd2 Qb6
17.Rad1 ( 17.Rfd1 $142 ) 17...Rd8 18.Bg5 $1 Rd7 19.a3 $16 a5 20.Rc1 Qb5 
21.Rfd1 b6 22.Bf1 $1 Qb3 23.Nf4 Bb7 ( 23...Ba6 $142 ) 24.Bd3 Rc8 25.Qe2 
Rdc7 26.Bc4 Qa4 27.Bb5 Qb3 28.a4 Bb4 $1 29.Rxc7 Rxc7 30.Rxd4 h6 $1 31.Bxh6
$2 ( 31.Bf6 ) 31...Rc1+ 32.Kg2 Nf5 $1 $132 33.Rd8+ Kh7 34.Nd5 $3 Kxh6 $2 (
34...Nxh6 35.Nf6+ Kg7 36.Ne8+ $1 Kh7 $1 37.Nf6+ $11 ) 35.Nf6 $1 $18 Ne7 
36.Qg4 {[Con idea de î€� Dh4+-]} 36...Bxe4+ 37.Qxe4 Nf5 $5 38.Qf4+ g5 39.
Rh8+ Kg7 40.Qxg5+ 1-0

[Event "3rd Alicante it"]
[Site "Alicante ESP"]
[Date "1975.12.10"]
[Round "5"]
[White "Tatai, Stefano"]
[Black "Keene, Raymond Dennis"]
[Result "1/2-1/2"]
[WhiteElo "2455"]
[BlackElo "2505"]
[EventDate "1975.12.06"]
[PlyCount "42"]

1.d4 Nf6 2.c4 g6 3.Nc3 Bg7 4.e4 d6 5.f4 O-O 6.Bd3 c5 7.d5 e6 8.dxe6 fxe6 
9.Nge2 Nc6 10.O-O Kh8 11.f5 exf5 12.exf5 Bxf5 13.Bxf5 gxf5 14.Bf4 Ne4 15.
Nxe4 fxe4 16.Qd5 Nb4 17.Qxb7 Re8 18.Bg3 Re7 19.Qb5 Rb8 20.Qa4 Nd3 21.Rab1 
Qd7 1/2-1/2

[Event "3rd Alicante it"]
[Site "Alicante ESP"]
[Date "1975.12.11"]
[Round "6"]
[White "Durao, Joaquim Manuel"]
[Black "Rodriguez Vargas, Orestes"]
[Result "0-1"]
[WhiteElo "2350"]
[BlackElo "2435"]
[EventDate "1975.12.06"]
[PlyCount "54"]

1.e4 c5 2.Nf3 e6 3.d4 cxd4 4.Nxd4 a6 5.Bd3 g6 6.O-O Bg7 7.c3 Nc6 8.Nc2 Nf6
9.f4 O-O 10.Kh1 b6 11.Nd2 d6 12.Nf3 Bb7 13.Qe2 Qc7 14.Be3 Nb8 15.f5 gxf5 
16.exf5 e5 17.Ng5 Nbd7 18.Qe1 Rfe8 19.Qh4 d5 20.Rf3 d4 21.Rg3 dxe3 22.Nxh7
e4 23.Qg5 Qxg3 24.Nxf6+ Nxf6 25.Qxg3 exd3 26.Nxe3 Rad8 27.h3 d2 0-1

[Event "3rd Alicante it"]
[Site "Alicante ESP"]
[Date "1975.12.11"]
[Round "6"]
[White "Fraguela Gil, Jose Miguel"]
[Black "Pomar Salamanca, Arturo"]
[Result "0-1"]
[WhiteElo "2390"]
[BlackElo "2450"]
[EventDate "1975.12.06"]
[PlyCount "42"]

1.d4 Nf6 2.c4 e6 3.Nf3 Bb4+ 4.Bd2 Qe7 5.e3 b6 6.Bd3 Bb7 7.O-O Bxd2 8.Nfxd2
c5 9.Nc3 O-O 10.Nde4 cxd4 11.exd4 Nc6 12.Nxf6+ Qxf6 13.Be4 Rfd8 14.Re1 
Rac8 15.Rc1 d5 16.cxd5 Nxd4 17.dxe6 Nxe6 18.Qc2 Nd4 19.Nd5 Qg5 20.Ne7+ Kh8
21.Qxc8 Bxc8 0-1

[Event "3rd Alicante it"]
[Site "Alicante ESP"]
[Date "1975.12.11"]
[Round "6"]
[White "O'Kelly de Galway, Alberic"]
[Black "Tatai, Stefano"]
[Result "1/2-1/2"]
[WhiteElo "2445"]
[BlackElo "2455"]
[EventDate "1975.12.06"]
[PlyCount "37"]

1.c4 Nf6 2.Nc3 e6 3.Nf3 d5 4.e3 c5 5.d4 Nc6 6.cxd5 exd5 7.Be2 Be7 8.dxc5 
Bxc5 9.O-O O-O 10.b3 Be6 11.Bb2 Qe7 12.Rc1 Rad8 13.Nb5 Ne4 14.Nfd4 Nxd4 
15.Bxd4 Bxd4 16.Qxd4 a6 17.Rc7 Rd7 18.Rxd7 Qxd7 19.Nc3 1/2-1/2

[Event "3rd Alicante it"]
[Site "Alicante ESP"]
[Date "1975.12.11"]
[Round "6"]
[White "Palacios de la Prida, Ernesto"]
[Black "Hartston, William Roland"]
[Result "1/2-1/2"]
[WhiteElo "2330"]
[BlackElo "2475"]
[EventDate "1975.12.06"]
[PlyCount "64"]

1.e4 Nf6 2.Nc3 d5 3.e5 d4 4.exf6 dxc3 5.fxe7 Qxe7+ 6.Be2 cxb2 7.Bxb2 Bg4 
8.h3 Bh5 9.a4 Nc6 10.Ra3 O-O-O 11.Re3 Bxe2 12.Qxe2 Qb4 13.Qg4+ Kb8 14.Qxb4
Bxb4 15.Nf3 Bc5 16.Re2 Nd4 17.Bxd4 Bxd4 18.c3 Bf6 19.Re3 h5 20.h4 g6 21.
Kd1 Rd5 22.Kc2 Rhd8 23.Rhe1 c6 24.Re4 Rf5 25.R1e3 Kc7 26.Rb4 Rd7 27.Ree4 
a5 28.Rb1 Re7 29.Rbe1 Rxe4 30.Rxe4 Kd7 31.Kd3 b5 32.Kc2 Kd6 1/2-1/2

[Event "3rd Alicante it"]
[Site "Alicante ESP"]
[Date "1975.12.11"]
[Round "6"]
[White "Sanz Alonso, Francisco Javier"]
[Black "Ochoa de Echaguen Estibalez, Francisco Javier"]
[Result "1-0"]
[WhiteElo "2320"]
[BlackElo "2200"]
[EventDate "1975.12.06"]
[PlyCount "111"]

1.c4 e5 2.Nc3 Nf6 3.Nf3 Nc6 4.d3 Bb4 5.Bd2 O-O 6.e3 Re8 7.Be2 d5 8.cxd5 
Nxd5 9.O-O Nb6 10.a3 Bf8 11.b4 a6 12.Rc1 Bf5 13.Ne4 Nd7 14.Qc2 Nf6 15.Ng3 
Be6 16.Qb2 Nd7 17.Bc3 f6 18.d4 exd4 19.Nxd4 Nxd4 20.Bxd4 Bd6 21.f4 Qe7 22.
Ne4 Bd5 23.Nxd6 Qxd6 24.Rfd1 c6 25.Bd3 Qe7 26.Qc2 Be4 27.Bxe4 Qxe4 28.Qxe4
Rxe4 29.Kf2 Rae8 30.g4 Nf8 31.Bb6 R4e7 32.Bc5 Rf7 33.Rd6 Rd7 34.Rxd7 Nxd7 
35.Rd1 Nxc5 36.bxc5 Re7 37.Rd8+ Kf7 38.a4 g5 39.Kf3 gxf4 40.exf4 Kg6 41.h4
Kg7 42.g5 fxg5 43.hxg5 a5 44.Kg4 Re4 45.Kf5 Re7 46.Ra8 Kf7 47.Rxa5 Rd7 48.
Ra7 Rd5+ 49.Ke4 Rxc5 50.Rxb7+ Kg6 51.Ra7 h6 52.gxh6 Kxh6 53.a5 Kg6 54.a6 
Kf6 55.Ra8 Rc4+ 56.Kd3 1-0

[Event "3rd Alicante it"]
[Site "Alicante ESP"]
[Date "1975.12.11"]
[Round "6"]
[White "Westerinen, Heikki"]
[Black "Keene, Raymond Dennis"]
[Result "1-0"]
[WhiteElo "2475"]
[BlackElo "2505"]
[EventDate "1975.12.06"]
[Annotator "Westerinen,Heikki"]
[PlyCount "91"]

1.e4 e6 2.d4 d5 3.Nd2 Nf6 4.e5 Nfd7 5.f4 ( {Otra posibilidad es} 5.Bd3 c5 
6.c3 Nc6 7.Ne2 Qb6 8.Nf3 cxd4 9.cxd4 f6 {y en la partida Ochoa - Durao, de
este mismo torneo, las blancas efectuaron un dudoso sacrificio de pe ¿½n 
con} 10.O-O {.} ) 5...c5 6.c3 f5 ( {Novedad de las negras. En mi encuentro
contra Durao, el jugador portugu ¿½s sigui ¿½ con} 6...Nc6 7.Ndf3 Qa5 8.
Kf2 b5 9.Bd2 Nb6 {, las blancas podr ¿½an haber ganado un pe ¿½n, mediante
} 10.c4 b4 11.a3 ) 7.Ndf3 Be7 8.h4 ( {Probablemente se trata de una buena 
jugada. Otra posibilidad era} 8.Bd3 {, seguido de pe ¿½n h3, y 
eventualmente pe ¿½n g4.} ) 8...h5 {[Esta jugada es para impedir el 
probable avance del blanco: pe ¿½n g4, seguido de Cg5.} 9.Ng5 Nf8 10.Be3 
b6 11.Be2 g6 12.c4 {[Como el flanco de rey est ¿½ cerrado, la ¿½nica 
posibilidad es hacer uso de la ventaja de desarrollo y abrir l ¿½neas en 
el centro. ]} 12...Bb7 13.Bf3 Qd7 14.Rc1 Na6 15.Ne2 dxc4 16.Rxc4 Bxf3 17.
Nxf3 Rd8 18.O-O Nh7 19.Rc1 {[Las blancas quieren evitar el ataque pe ¿½n 
g5 y pe ¿½n f4 del negro. ]} 19...Kf7 20.Qb3 Qd5 21.dxc5 Qxb3 22.axb3 Nxc5
{[Las negras ofrecieron tablas. Yo rehus ¿½ por considerar que ten ¿½a 
ocasi ¿½n de llevar mi torre a la s ¿½ptima l ¿½nea. ]} 23.b4 Nd3 24.Rc7 
Nxb4 25.Rxa7 Nd5 26.Bd4 Ra8 27.Rfa1 Rxa7 28.Rxa7 Rc8 29.Kf2 b5 30.g3 Rc7 
31.Rxc7 Nxc7 32.Nc3 Bb4 33.Ke3 Ke8 34.Kd3 Kd7 35.Bb6 Bxc3 36.Bxc7 ( 36.
bxc3 {, conced ¿½a buenas posibilidades a las blancas.} ) 36...Bxb2 ( {
Mejor era} 36...Bb4 $142 37.Bb8 Nf8 38.Nd4 Bc5 39.Bd6 Bxd6 40.exd6 Kxd6 
41.Nxb5+ {, con alguna ventaja de las blancas.} ) 37.Bd6 Bc1 $2 ( {Por los
apur os de reloj, las negras no observaron que su alfil quedaba atrapado. 
Mucho mejor era} 37...Nf6 38.exf6 Kxd6 39.Ne5 Bxe5 40.fxe5+ Kd7 41.Kd4 Ke8
42.Kc5 Kf7 43.Kxb5 g5 44.hxg5 f4 45.gxf4 h4 46.f5 exf5 47.Kc6 h3 48.Kd6 h2
49.e6+ Kg6 50.e7 h1=Q 51.e8=Q+ Kxg5 52.f7 {, y es probable que las blancas
puedan ganar.} ) 38.Nd4 Bb2 39.Ne2 Kc6 40.Kc2 Ba1 41.Kb1 Bxe5 42.fxe5 g5 
43.Be7 ( {Tambi ¿½n} 43.Kc2 f4 44.hxg5 Nxg5 45.Nxf4 Ne4 46.Nxh5 Nxd6 47.
exd6 Kxd6 48.g4 {, era suficiente para ganar.} ) 43...f4 44.hxg5 Kd7 ( {O 
bien} 44...f3 45.Nd4+ Kd7 46.Nxf3 Kxe7 47.g6 Nf6 48.exf6+ Kxf6 49.Ne5 {
etc.} ) 45.g6 f3 46.Bc5 1-0

[Event "3rd Alicante it"]
[Site "Alicante ESP"]
[Date "1975.12.12"]
[Round "7"]
[White "Hartston, William Roland"]
[Black "Fraguela Gil, Jose Miguel"]
[Result "1-0"]
[WhiteElo "2475"]
[BlackElo "2390"]
[EventDate "1975.12.06"]
[PlyCount "85"]

1.e4 Nf6 2.Nc3 d5 3.exd5 Nxd5 4.Bc4 Nb6 5.Bb3 e6 6.d3 Be7 7.Qh5 O-O 8.Nf3 
N8d7 9.Ne4 Nf6 10.Nxf6+ Bxf6 11.Ng5 h6 12.Ne4 Be7 13.h4 f5 14.Ng3 Kh7 15.
Bg5 a5 16.a3 a4 17.Ba2 Nd5 18.Bxd5 exd5 19.O-O-O f4 20.Ne2 Bxg5 21.hxg5 
Rf5 22.g6+ Kh8 23.Qf3 Qf6 24.Rh5 Qxg6 25.Rxf5 Qxf5 26.Qxf4 c6 27.Re1 Kg8 
28.Qxf5 Bxf5 29.Nd4 Bd7 30.Re7 Rd8 31.Kd2 Kf8 32.Re5 Kf7 33.Ne2 Kf6 34.d4 
Re8 35.Rxe8 Bxe8 36.Nc3 b5 37.b3 axb3 38.cxb3 Ke6 39.Ne2 g5 40.Nc1 Bg6 41.
a4 Kd6 42.a5 b4 43.a6 1-0

[Event "3rd Alicante it"]
[Site "Alicante ESP"]
[Date "1975.12.12"]
[Round "7"]
[White "Keene, Raymond Dennis"]
[Black "O'Kelly de Galway, Alberic"]
[Result "1/2-1/2"]
[WhiteElo "2505"]
[BlackElo "2445"]
[EventDate "1975.12.06"]
[PlyCount "65"]

1.Nf3 c5 2.c4 Nc6 3.Nc3 Nf6 4.g3 g6 5.d4 cxd4 6.Nxd4 Nxd4 7.Qxd4 Bg7 8.Bg2
O-O 9.O-O d6 10.Qd3 Qa5 11.Bd2 Qh5 12.b3 Ng4 13.h4 Ne5 14.Qe3 Re8 15.Rac1 
Ng4 16.Qg5 Qxg5 17.Bxg5 h6 18.Bf4 Rb8 19.Nd5 Bd7 20.Rfd1 Rbc8 21.e4 Ne5 
22.f3 f5 23.exf5 Bxf5 24.g4 Bd7 25.Be3 b6 26.Kh2 Kf7 27.Kg3 Rg8 28.Bh3 Bf8
29.Bd4 Nc6 30.Bc3 g5 31.f4 gxf4+ 32.Nxf4 Bg7 33.Rf1 1/2-1/2

[Event "3rd Alicante it"]
[Site "Alicante ESP"]
[Date "1975.12.12"]
[Round "7"]
[White "Ochoa de Echaguen Estibalez, Francisco Javier"]
[Black "Westerinen, Heikki"]
[Result "0-1"]
[WhiteElo "2200"]
[BlackElo "2475"]
[EventDate "1975.12.06"]
[PlyCount "69"]

1.e4 e6 2.b3 c5 3.Bb2 Nc6 4.Nf3 d6 5.Bb5 e5 6.O-O Be7 7.c3 f5 8.d3 Nf6 9.
Nbd2 O-O 10.b4 cxb4 11.Qb3+ Kh8 12.cxb4 fxe4 13.dxe4 Qe8 14.Rfe1 Qg6 15.
Bf1 Nh5 16.b5 Nd8 17.Kh1 Nf4 18.Qe3 Bg4 19.a4 Qh5 20.Rec1 Nde6 21.g3 Nh3 
22.Bxh3 Bxh3 23.Ng1 Bg5 24.Qe1 Nc5 25.Rxc5 dxc5 26.Nxh3 Qxh3 27.Bxe5 Rae8 
28.Nc4 Rf3 29.Ra2 Rd8 30.Ra1 Rfd3 31.Qe2 Qe6 32.Qc2 Qg4 33.h4 Qf3+ 34.Kh2 
Rd1 35.Qc3 0-1

[Event "3rd Alicante it"]
[Site "Alicante ESP"]
[Date "1975.12.12"]
[Round "7"]
[White "Pomar Salamanca, Arturo"]
[Black "Sanz Alonso, Francisco Javier"]
[Result "1/2-1/2"]
[WhiteElo "2450"]
[BlackElo "2320"]
[EventDate "1975.12.06"]
[PlyCount "47"]

1.d4 g6 2.Nf3 Bg7 3.c4 d6 4.Nc3 c5 5.e4 Nf6 6.Be2 O-O 7.O-O cxd4 8.Nxd4 a5
9.Be3 Nbd7 10.f4 Nc5 11.Bf3 Bd7 12.h3 e5 13.Nb3 Nxb3 14.Qxb3 Bc6 15.Rad1 
Qe7 16.Nd5 Nxd5 17.exd5 Bd7 18.c5 Rfc8 19.Qxb7 dxc5 20.d6 Qd8 21.fxe5 Rab8
22.Qe4 Rxb2 23.Qf4 Rb4 24.Qg3 1/2-1/2

[Event "3rd Alicante it"]
[Site "Alicante ESP"]
[Date "1975.12.12"]
[Round "7"]
[White "Rodriguez Vargas, Orestes"]
[Black "Palacios de la Prida, Ernesto"]
[Result "1-0"]
[WhiteElo "2435"]
[BlackElo "2330"]
[EventDate "1975.12.06"]
[PlyCount "65"]

1.d4 d6 2.c4 g6 3.Nc3 Bg7 4.e4 Nc6 5.Nge2 e5 6.d5 Nce7 7.Ng3 Nh6 8.h4 f5 
9.exf5 Nhxf5 10.Nge4 h6 11.Bd3 c5 12.h5 g5 13.Be3 a6 14.Rb1 Nxe3 15.fxe3 
Nf5 16.Qe2 O-O 17.O-O b6 18.b4 Ra7 19.bxc5 bxc5 20.Na4 Raf7 21.Nb6 Bd7 22.
a4 a5 23.Nxd7 Qxd7 24.Bc2 Nh4 25.Rxf7 Rxf7 26.Rf1 Rxf1+ 27.Qxf1 Qf5 28.Qf2
Qg4 29.Nxd6 Qxh5 30.Ne4 Qg4 31.d6 Qd7 32.Qd2 Nf5 33.Qd5+ 1-0

[Event "3rd Alicante it"]
[Site "Alicante ESP"]
[Date "1975.12.12"]
[Round "7"]
[White "Tatai, Stefano"]
[Black "Durao, Joaquim Manuel"]
[Result "1-0"]
[WhiteElo "2455"]
[BlackElo "2350"]
[EventDate "1975.12.06"]
[PlyCount "127"]

1.e4 e6 2.d4 d5 3.e5 c5 4.c3 Nc6 5.Nf3 Qb6 6.Be2 Bd7 7.O-O f6 8.dxc5 Bxc5 
9.b4 Be7 10.Bf4 Nh6 11.exf6 Bxf6 12.b5 Ne7 13.Ne5 Bxe5 14.Bxe5 O-O 15.c4 
Nhf5 16.Qd2 Ng6 17.Bc3 dxc4 18.Na3 Bxb5 19.Rab1 a6 20.Nxb5 axb5 21.Bxc4 
Rad8 22.Qb2 Ne3 23.Qxb5 Qxb5 24.Bxe6+ Kh8 25.Rxb5 Nf4 26.Re1 Nxe6 27.Rxe3 
Rd1+ 28.Re1 Nd4 29.Re5 Rxe1+ 30.Rxe1 Nc6 31.h4 Kg8 32.Rb1 Rf7 33.h5 Rd7 
34.Kf1 Kf7 35.Ke2 Ke6 36.Rb5 g6 37.Ke3 Ne7 38.Ke4 Nf5 39.Be5 Rd4+ 40.Bxd4 
Nd6+ 41.Kd3 Nxb5 42.hxg6 hxg6 43.Kc4 Nd6+ 44.Kc5 Ne4+ 45.Kb6 Kd5 46.f3 Nd6
47.Bf2 Kc4 48.Bc5 Nf5 49.g4 Nh4 50.f4 Ng2 51.f5 gxf5 52.gxf5 Nf4 53.Bd6 
Nd5+ 54.Kxb7 Kb5 55.Bf8 Ka4 56.Bc5 Nc3 57.Kc6 Ne4 58.Be7 Nf2 59.Kb6 Ng4 
60.Ka6 Ne3 61.f6 Nd5 62.f7 Nc7+ 63.Kb7 Ne6 64.f8=Q 1-0

[Event "3rd Alicante it"]
[Site "Alicante ESP"]
[Date "1975.12.14"]
[Round "8"]
[White "Durao, Joaquim Manuel"]
[Black "Keene, Raymond Dennis"]
[Result "1/2-1/2"]
[WhiteElo "2350"]
[BlackElo "2505"]
[EventDate "1975.12.06"]
[PlyCount "54"]

1.e4 e6 2.d4 d5 3.Nc3 Bb4 4.e5 b6 5.a3 Bxc3+ 6.bxc3 Qd7 7.Nh3 Ba6 8.Bd3 
Ne7 9.O-O Qa4 10.Nf4 Bxd3 11.cxd3 Qxd1 12.Rxd1 Nbc6 13.g4 g6 14.Kg2 Kd7 
15.Be3 Na5 16.Ne2 Rac8 17.Rab1 Nb7 18.a4 Rb8 19.h3 Rhc8 20.Rb5 c6 21.Rb3 
Rc7 22.c4 Rcc8 23.c5 Nd8 24.Rc1 Rb7 25.Rb2 Rcb8 26.Rcb1 Nc8 27.Kf3 Ke8 
1/2-1/2

[Event "3rd Alicante it"]
[Site "Alicante ESP"]
[Date "1975.12.14"]
[Round "8"]
[White "Fraguela Gil, Jose Miguel"]
[Black "Rodriguez Vargas, Orestes"]
[Result "1/2-1/2"]
[WhiteElo "2390"]
[BlackElo "2435"]
[EventDate "1975.12.06"]
[PlyCount "22"]

1.d4 Nf6 2.c4 e6 3.Nc3 Bb4 4.e3 O-O 5.Bd3 d5 6.Nf3 Nc6 7.O-O a6 8.Bd2 dxc4
9.Bxc4 Bd6 10.Qe2 e5 11.Nxe5 Nxe5 1/2-1/2

[Event "3rd Alicante it"]
[Site "Alicante ESP"]
[Date "1975.12.14"]
[Round "8"]
[White "Ochoa de Echaguen Estibalez, Francisco Javier"]
[Black "Pomar Salamanca, Arturo"]
[Result "1/2-1/2"]
[WhiteElo "2200"]
[BlackElo "2450"]
[EventDate "1975.12.06"]
[PlyCount "29"]

1.e4 c6 2.Nc3 d5 3.Nf3 Bg4 4.h3 Bxf3 5.Qxf3 Nf6 6.d4 dxe4 7.Qe3 e6 8.Nxe4 
Nxe4 9.Qxe4 Qd5 10.Bd3 Nd7 11.O-O Qxe4 12.Bxe4 O-O-O 13.c3 Bd6 14.Re1 Rhe8
15.Bg5 1/2-1/2

[Event "3rd Alicante it"]
[Site "Alicante ESP"]
[Date "1975.12.14"]
[Round "8"]
[White "Palacios de la Prida, Ernesto"]
[Black "Tatai, Stefano"]
[Result "1-0"]
[WhiteElo "2330"]
[BlackElo "2455"]
[EventDate "1975.12.06"]
[PlyCount "80"]

1.d4 Nf6 2.Nd2 d5 3.e3 g6 4.Ngf3 Bg7 5.Bd3 O-O 6.Ne5 c5 7.c3 b6 8.Qe2 a5 
9.O-O Ba6 10.b3 Nfd7 11.Bxa6 Nxa6 12.Nc6 Qe8 13.f4 Nab8 14.Ne5 f6 15.Ng4 
e5 16.Qf3 e4 17.Qh3 h5 18.Nf2 cxd4 19.cxd4 f5 20.Ba3 Rf6 21.Rac1 b5 22.Rc2
b4 23.Rfc1 Na6 24.Bb2 Nb6 25.g3 Bf8 26.Qf1 Nc8 27.h3 Na7 28.Kh1 Be7 29.Qe2
Kh7 30.Kg1 Rb6 31.Nf1 Qf7 32.g4 Qe8 33.Kh1 Kg8 34.Ng3 Bd6 35.Kg2 Kf8 36.
Qd1 Ke7 37.Qe2 Qb5 38.Qd1 Rh8 39.Rc5 Qd7 40.Rxd5 Rh7 1-0

[Event "3rd Alicante it"]
[Site "Alicante ESP"]
[Date "1975.12.14"]
[Round "8"]
[White "Sanz Alonso, Francisco Javier"]
[Black "Hartston, William Roland"]
[Result "1/2-1/2"]
[WhiteElo "2320"]
[BlackElo "2475"]
[EventDate "1975.12.06"]
[PlyCount "41"]

1.c4 c5 2.g3 g6 3.Bg2 Bg7 4.Nc3 Nc6 5.a3 e6 6.e4 Nge7 7.Nge2 O-O 8.O-O b6 
9.Rb1 Bb7 10.b4 d6 11.d3 Qd7 12.Be3 Nd4 13.Qd2 Rac8 14.Bh6 Nxe2+ 15.Nxe2 
e5 16.b5 Ra8 17.Rb3 a6 18.bxa6 Rxa6 19.Rfb1 Bc6 20.h4 Rb8 21.Nc3 1/2-1/2

[Event "3rd Alicante it"]
[Site "Alicante ESP"]
[Date "1975.12.14"]
[Round "8"]
[White "Westerinen, Heikki"]
[Black "O'Kelly de Galway, Alberic"]
[Result "0-1"]
[WhiteElo "2475"]
[BlackElo "2445"]
[EventDate "1975.12.06"]
[PlyCount "90"]

1.e4 c5 2.Nf3 d6 3.d4 cxd4 4.Nxd4 Nf6 5.Nc3 a6 6.Bc4 e6 7.O-O Be7 8.a3 O-O
9.Ba2 b5 10.f4 Bb7 11.f5 e5 12.Nde2 Nbd7 13.Ng3 Rc8 14.Be3 Nb6 15.Bxb6 
Qxb6+ 16.Kh1 Qe3 17.Nh5 Nxe4 18.Bd5 Nxc3 19.Qg4 Qg5 20.Qxg5 Bxg5 21.Bxb7 
Rb8 22.Bf3 Na4 23.Rad1 Rfd8 24.b3 Nb6 25.Bc6 d5 26.a4 bxa4 27.bxa4 Rd6 28.
a5 Rxc6 29.axb6 d4 30.Ng3 Rxc2 31.Rb1 Rc6 32.Ne4 Be7 33.b7 Rc7 34.Rb6 
Rcxb7 35.Rxa6 Rb2 36.Ra7 Bf8 37.h4 f6 38.Rd7 R8b7 39.Rd8 Kf7 40.Rf3 Be7 
41.Rd5 R7b5 42.Rxb5 Rxb5 43.Kg1 Rd5 44.Rd3 g6 45.g4 h5 0-1

[Event "3rd Alicante it"]
[Site "Alicante ESP"]
[Date "1975.12.15"]
[Round "9"]
[White "Hartston, William Roland"]
[Black "Ochoa de Echaguen Estibalez, Francisco Javier"]
[Result "1/2-1/2"]
[WhiteElo "2475"]
[BlackElo "2200"]
[EventDate "1975.12.06"]
[PlyCount "52"]

1.e4 c5 2.Nf3 Nc6 3.d4 cxd4 4.Nxd4 Nf6 5.Nc3 e5 6.Ndb5 d6 7.a4 a6 8.Na3 h6
9.Bc4 Be7 10.O-O O-O 11.Kh1 Be6 12.Bd5 Bxd5 13.exd5 Nb8 14.Nc4 Nbd7 15.Ne3
Re8 16.f4 exf4 17.Nf5 Bf8 18.Bxf4 Ne5 19.Bxe5 Rxe5 20.Qf3 Nh7 21.Ne3 Qc7 
22.Ng4 Re7 23.Qg3 Kh8 24.Rae1 Rae8 25.h3 Qd7 26.Rxe7 Qxe7 1/2-1/2

[Event "3rd Alicante it"]
[Site "Alicante ESP"]
[Date "1975.12.15"]
[Round "9"]
[White "Keene, Raymond Dennis"]
[Black "Palacios de la Prida, Ernesto"]
[Result "1/2-1/2"]
[WhiteElo "2505"]
[BlackElo "2330"]
[EventDate "1975.12.06"]
[PlyCount "30"]

1.d4 d6 2.e4 g6 3.Nc3 Bg7 4.f4 Nc6 5.Be3 Nf6 6.Nf3 O-O 7.Be2 Bg4 8.e5 Nd7 
9.O-O e6 10.h3 Bxf3 11.Bxf3 d5 12.Ne2 Ne7 13.Bf2 Re8 14.c3 Rc8 15.Qd2 b5 
1/2-1/2

[Event "3rd Alicante it"]
[Site "Alicante ESP"]
[Date "1975.12.15"]
[Round "9"]
[White "O'Kelly de Galway, Alberic"]
[Black "Durao, Joaquim Manuel"]
[Result "1/2-1/2"]
[WhiteElo "2445"]
[BlackElo "2350"]
[EventDate "1975.12.06"]
[PlyCount "86"]

1.c4 e5 2.Nc3 Nf6 3.Nf3 Nc6 4.g3 g6 5.Bg2 Bg7 6.d4 d6 7.O-O O-O 8.d5 Ne7 
9.e4 Ne8 10.Ne1 f5 11.Nd3 Nf6 12.f3 fxe4 13.fxe4 Bg4 14.Qc2 Qc8 15.Nf2 Bd7
16.h3 c6 17.Be3 b5 18.dxc6 Bxc6 19.cxb5 Bxb5 20.Rfc1 Bd7 21.Qd2 Qb8 22.Rd1
Nc8 23.b3 Be6 24.Rac1 Rd8 25.Bg5 Rd7 26.Bf3 Ne7 27.Bxf6 Bxf6 28.Bg4 Bxg4 
29.Nxg4 Bg7 30.Nd5 Nxd5 31.Qxd5+ Kh8 32.Rc6 h5 33.Ne3 a5 34.Ng2 Qa7+ 35.
Kh2 Rf8 36.Rxd6 Rxd6 37.Qxd6 Kh7 38.Qd3 a4 39.b4 Qb7 40.a3 Rf2 41.b5 Qf7 
42.b6 Qa2 43.Rg1 Rd2 1/2-1/2